AKP iktidarı ve rejimin otoriterleşmesi (Record no. 7846)

MARC details
000 -BAŞLIK
Sabit Uzunlukta Kontrol Alanı 01041na a2200301 4500
999 ## - SİSTEM KONTROL NUMARALARI (KOHA)
Koha Biblionumber 7846
Koha Biblioitemnumber 7846
001 - KONTROL NUMARASI
Denetim Alanı 14764
003 - KONTROL NUMARASI IDENTIFIER
Denetim Alanı MIRAKIL
005 - SON İŞLEM TARİHİ VE ZAMANI
Denetim Alanı 20200708160110.0
008 - SABİT-BOY VERİ ELEMANLARI - GENEL BİLGİLER
Sabit Uzunlukta Kontrol Alanı 161002b tu 000 0
035 ## - SİSTEM KONTROL NUMARASI
Sistem Kontrol Numarası 14764
040 ## - KATALOGLAMA KAYNAK
Orijinal Kataloglama Ajansı Milas
Kataloglama Dili tur
Metne Dönüştürmek Ajansı TR-AnCHP
041 ## - DİL KODU
Metin / Ses Parça Veya Ayrı Başlığın Dil Kodu tur
082 ## - DEWEY ONLU SINIFLANDIRMA NUMARASI
Sınıflandırma Numarası CHP 324.2182
Ürün Numarası A46 2015
090 ## - SINIFLAMA NUMARASI
Sınıflama Numarası CHP 324.2182 A46 2015
245 ## - BAŞLIK TABLOSU
Başlık AKP iktidarı ve rejimin otoriterleşmesi
Sorumluluk Tablosu, Vb CHP Araştırma Bilim ve Yönetim Platformu
260 ## - YAYIN, DAĞITIM, VB
Yayın, Dağıtım, Vb Yeri Ankara
Yayıncı, Dağıtıcı, Vs Adı Araştırma Bilim ve Yönetim Platformu
Yayın, Dağıtım, Vb Tarihi 2015
300 ## - FİZİKSEL TANIM
Kapsam 156 s.
Boyutlar 20 sm.
610 ## - KONU KATMA GİRİŞ - TOPLANTI ADI
Giriş Elemanı Olarak Kurumsal Ad Veya Yargı Alanı Adı CHP
Genel Alt Bölüm Otoriter iktidar
Kronolojik Alt Bölüm Eleştiriler
610 ## - KONU KATMA GİRİŞ - TOPLANTI ADI
Giriş Elemanı Olarak Kurumsal Ad Veya Yargı Alanı Adı CHP
Genel Alt Bölüm AKP iktidarı
Kronolojik Alt Bölüm Eleştiriler
650 ## - KONU KATMA GİRİŞ - TOPİKAL DÖNEM
Topikal Süreli Veya Coğrafi Ad Giriş Elemanı Siyasal partiler
Coğrafi Alt Bölümü Türkiye
650 ## - KONU KATMA GİRİŞ - TOPİKAL DÖNEM
Topikal Süreli Veya Coğrafi Ad Giriş Elemanı AKP iktidarı
Genel Alt Bölümü Siyaset ve yönetim
710 ## - KATMA GİRİŞ - KURUMSAL ADI
Giriş Elemanı Olarak Kurumsal Ad Veya Yargı Alanı Adı Adalet ve Kakınma Partisi (AKP)
710 ## - KATMA GİRİŞ - KURUMSAL ADI
Giriş Elemanı Olarak Kurumsal Ad Veya Yargı Alanı Adı Cumhuriyet Halk Partisi
Alt Birim Araştırma Bilim ve Yönetim Platformu
942 ## - EKLENDİ GİRİŞ ELEMANLARI (KOHA)
Sınıflandırma Veya Raf Düzeni Kaynak Dewey Decimal Classification
Koha Öğesi Türü Books
999 ## - SİSTEM KONTROL NUMARALARI (KOHA)
Koha Biblioitemnumber 7846
999 ## - SİSTEM KONTROL NUMARALARI (KOHA)
Koha Biblioitemnumber 7846
Holdings
Kalıcı Konum Mevcut Konum Edinme Tarihi Edinim Kaynak Toplam Check-Out'Lar Tam Çağrı Numarası Barkod Tarih Son Görülme İtibaren Geçerli Fiyatlar Koha Öğesi Türü Kontrol Edildi Tarihi Geçen Teslim Kopya Sayısı
CHP Kütüphanesi CHP Kütüphanesi 08/31/2016 Bağış   CHP 324.2182 A46 2015 003124 08/31/2016 08/31/2016 Books      
CHP Kütüphanesi CHP Kütüphanesi 08/31/2016 Bağış 1 CHP 324.2182 A46 2015 003125 03/14/2024 08/31/2016 Books 04/04/2024 03/14/2024 k.2
CHP Kütüphanesi CHP Kütüphanesi 09/20/2016 Bağış   CHP 324.2182 A46 2015 005062 09/20/2016 09/20/2016 Books     k.3
CHP Kütüphanesi CHP Kütüphanesi 09/20/2016 Bağış   CHP 324.2182 A46 2015 005063 09/20/2016 09/20/2016 Books     k.4
CHP Kütüphanesi CHP Kütüphanesi 09/20/2016 Bağış   CHP 324.2182 A46 2015 005064 09/20/2016 09/20/2016 Books     k.5
CHP Kütüphanesi CHP Kütüphanesi 09/20/2016 Bağış   CHP 324.2182 A46 2015 005065 09/20/2016 09/20/2016 Books     k.6
CHP Kütüphanesi CHP Kütüphanesi 09/20/2016 Bağış   CHP 324.2182 A46 2015 005089 09/20/2016 09/20/2016 Books     k.7
CHP Kütüphanesi CHP Kütüphanesi 09/20/2016 Bağış   CHP 324.2182 A46 2015 005090 09/20/2016 09/20/2016 Books     k.8